| 000 | 00740nam a22002057a 4500 | ||
|---|---|---|---|
| 005 | 20221103092715.0 | ||
| 008 | 220824b ||||| |||| 00| 0 eng d | ||
| 020 | _a9788193990674 | ||
| 040 | _cAL | ||
| 041 | _aKannada | ||
| 082 |
_223 _a920K _bROHN |
||
| 100 |
_aB M Rohini ಬಿ ಎಂ ರೋಹಿಣಿ _960862 |
||
| 245 | _aNagandigeyolagininda: An Autobiography ನಾಗಂದಿಗೆಯೊಳಗಿಂದ: ಜೀವನ ಕಥನ | ||
| 260 |
_aMangaluru _bAakrithi Aashaya Publications _c2019 |
||
| 300 |
_a285 p. _bPB _c21.3x14 cm. |
||
| 365 |
_b₹300.00 _c₹ _d₹300.00 |
||
| 650 |
_aAutobiography ಜೀವನ ಕಥನ _955418 |
||
| 700 |
_aRohini (B M) ರೋಹಿಣಿ (ಬಿ ಎಂ) _955419 |
||
| 942 |
_2ddc _cDB |
||
| 999 |
_c224479 _d224479 |
||